| 000 | 02005 a2200265 4500 | ||
|---|---|---|---|
| 001 | 45874 | ||
| 005 | 20260407155731.0 | ||
| 008 | 260407a1998 arg spa d | ||
| 003 | AR-UNSa-BCEJYS | ||
| 040 |
_aAR-UNSa-BCEJYS _bspa _cAR-UNSa-BCEJYS |
||
| 080 |
_a330.101.541 _xMacroeconomía |
||
| 245 | 1 | 0 | _aMacroeconomía |
| 020 | _a84-481-2055-8 | ||
| 250 | _a7a. ed. | ||
| 264 | 1 |
_aMadrid : _bMcGraw-Hill _c1998 |
|
| 300 |
_a383 p. _c20 cm. |
||
| 505 | _aParte I: Introducción y contabilidad nacional: 1. Introducción – 2. Contabilidad nacional – Parte II: El crecimiento, la oferta y la demanda agregadas y la nueva macroeconomía: 3. El crecimiento y la acumulación – 4. El crecimiento y la política económica – 5. La oferta y la demanda agregadas – 6. La oferta agregada: los salarios, los precios y el desempleo – 7. La anatomía de la inflación y el desempleo – 8. La nueva macroeconomía – Parte III: Primeros modelos: 9. La renta y el gasto – 10. El dinero, el tipo de interés y la renta – 11. La política monetaria y la política fiscal – 12. Las relaciones internacionales – Parte IV: Los fundamentos de la conducta: 13. El consumo y el ahorro – 14. El gasto de inversión – 15. La demanda de dinero – 16. El banco central, el dinero y el crédito – 17. Los mercados financieros – 18. La política de estabilización: perspectivas y problemas – Parte V: La inflación, los déficits presupuestarios y los ajustes internacionales: 19. El dinero, los déficits y la inflación: evidencia y cuestiones relacionadas con la política económica – 20. Los déficits presupuestarios y la deuda pública – 21. El ajuste y la interdependencia internacionales - | ||
| 041 | _aspa | ||
| 942 | _cBK | ||
| 590 | _aniveau_biblio:m niveau_hierar:0 | ||
| 100 | 1 | _aDornbusch, Rudiger | |
| 700 | 1 | _aFischer, Stanley | |
| 700 | 1 | _aStartz, Richard | |
| 856 | 4 | 1 |
_uhttps://www.biblioeco.unsa.edu.ar/pmb/images/libros/L127212.jpg _yImagen de portada _qimage/jpeg |
| 999 |
_c4042 _d4042 |
||